Lecons sur les rapports entre le Droit et l'opinion publique en Anglaterre au cours du diseneuvieme siecle / (Record no. 56469)

MARC details
000 -LEADER
campo de control de longitud fija 00785nam a2200217 i 4500
001 - NÚMERO DE CONTROL
campo de control 56469
003 - IDENTIFICADOR DE NÚMERO DE CONTROL
campo de control ES-MaACL
005 - FECHA Y HORA DE LA ÚLTIMA TRANSACCIÓN
campo de control 20230906163357.0
007 - CAMPO FIJO DE DESCRIPCIÓN FÍSICA--INFORMACIÓN GENERAL
campo de control de longitud fija t|
008 - DATOS DE LONGITUD FIJA--INFORMACIÓN GENERAL
campo de control de longitud fija 031009s1906 fr ||||1| fre d
100 1# - ENTRADA PRINCIPAL--NOMBRE DE PERSONA
Nombre de persona Dicey, A. V.
9 (RLIN) 182591
245 10 - MENCIÓN DEL TÍTULO
Título Lecons sur les rapports entre le Droit et l'opinion publique en Anglaterre au cours du diseneuvieme siecle /
Mención de responsabilidad, etc. A.V. Dicey ; traduit par Alb et Gaston Jèze.
260 ## - PUBLICACIÓN, DISTRIBUCIÓN, ETC.
Lugar de publicación, distribución, etc. [S.l. :
Nombre del editor, distribuidor, etc. s.n.],
Fecha de publicación, distribución, etc. 1906 (
Lugar de fabricación/manufactura Saint Amand :
Fabricante Bussière)
300 ## - DESCRIPCIÓN FÍSICA
Extensión XV, 921 p. ;
Dimensiones 22 cm.
490 1# - MENCIÓN DE SERIE
Mención de serie Bibliothèque internationale de droit public
700 1# - ENTRADA AGREGADA--NOMBRE PERSONAL
Nombre de persona Jèze, Gaston (
Fechas asociadas al nombre 1869-1953)
9 (RLIN) 154478
700 1# - ENTRADA AGREGADA--NOMBRE PERSONAL
Nombre de persona Jéze, Alb.
9 (RLIN) 66387
830 0# - PUNTO DE ACCESO ADICIONAL DE SERIE-TÍTULO UNIFORME
Título uniforme Bibliothèque internationale de droit public
9 (RLIN) 180878
852 ## - LOCALIZACIÓN
Ubicación ES-MaACL
Número de control de estantería F-3109
Holdings
Estatus retirado Estado de pérdida Estado de daño No para préstamo Biblioteca de origen Biblioteca actual Ubicación en estantería Fecha de adquisición Fuente de adquisición Total de préstamos Signatura topográfica completa Código de barras Visto por última vez Precio de reemplazo Tipo de ítem Koha
        Biblioteca del Ateneo de Madrid Biblioteca del Ateneo de Madrid Depósito 2 17/01/2008     F-3109 1059307 23/02/2023 23/02/2023 Libro impreso